000 00846nam a2200217 i 4500
001 77657
003 ES-MaACL
005 20250930063100.0
007 t|
008 041029s1999 pr ||||1| spa d
020 _a0-8477-0349-5
080 _a806.0(729.5)
100 _aNavarro Tomás, Tomás,
_d1884-1979
_9226508
245 1 3 _aEl español en Puerto Rico
_b: contribución a la geografía lingüística hispanoamericana /
_cTomás Navarro Tomás ; estudio preliminar por María Vaquero de Ramírez.
260 _aSan Juan de Puerto Rico :
_bUniversidad de Puerto Rico,
_c1998.
300 _aLIX, 346 p. ;
_c23 cm.
650 4 _aLengua española-
_zPuerto Rico.
_914180
700 1 _aVaquero de Ramírez, María.
_9113097
852 _aES-MaACL
_jE-10189
_bR.134417
999 _c77657
_d77657